Eve green (Record no. 257500)

MARC details
000 -LEADER
fixed length control field 00682nam a2200241Ia 4500
008 - FIXED-LENGTH DATA ELEMENTS--GENERAL INFORMATION
fixed length control field 191130s2005##################000#0#eng##
020 ## - INTERNATIONAL STANDARD BOOK NUMBER
ISBN 9780007190409
Paper back/Hardbound pbk
041 ## - LANGUAGE CODE
Language code of text/sound track or separate title eng
082 ## - DEWEY DECIMAL CLASSIFICATION NUMBER
Classification number 823.92 FLE
100 ## - MAIN ENTRY--AUTHOR NAME
Personal name Fletcher, Susan
245 ## - TITLE STATEMENT
Title Eve green
Statement of responsibility, etc Susan Fletcher
250 ## - EDITION STATEMENT
Edition statement 1st American ed
260 ## - PUBLICATION, DISTRIBUTION, ETC. (IMPRINT)
Place of publication London
Name of publisher Harper Perennial
Year of publication 2005
300 ## - PHYSICAL DESCRIPTION
Number of Pages 281 (13) p. ; 22 cm
650 ## - SUBJECT ADDED ENTRY--TOPICAL TERM
Topical Term Friendship - Fiction
Topical Term Girls - Fiction
Topical Term Grandparent and child - Fiction
Topical Term Maternal deprivation - Fiction
Topical Term Missing persons - Fiction
Topical Term Mothers - Death - Fiction
942 ## - ADDED ENTRY ELEMENTS (KOHA)
Koha item type English Books
Holdings
Withdrawn status Lost status Damaged status Not for loan Home library Current library Shelving location Date acquired Full call number Accession Number Price effective from Koha item type
        Anna Centenary Library Anna Centenary Library 4TH FLOOR, B WING 13.10.2020 823.92 FLE 435985 13.10.2020 English Books
        Anna Centenary Library Anna Centenary Library 4TH FLOOR, B WING 13.10.2020 823.92 FLE 485705 13.10.2020 English Books

Find us on the map